000 01379nam a2200265 a 4500
999 _c1716
_d1716
003 AR-BaISA
005 20250207154903.0
006 a||||fr|||| 000 0
007 ta
008 250127s1976 ag ||||f |||| 000 0 spa d
020 _a846100504X
_q(Volumen 4)
020 _a8461005007
_q(Obra completa)
040 _bspa
_cAR-BaISA
082 0 4 _222
_a150.195 2 F895o
100 1 _91149
_aFreud, Sigmund
_eaut.
245 1 0 _aObras completas:
_bvolumen 4 (1900): la interpretación de los sueños (primera parte) /
_cSigmund Freud; Ordenamiento, comentarios y notas de James Strachey con la colaboración de Anna Freud, asistidos por Alix Strachey y Alan Tyson; Traducción directa del alem´na de José L. Ercheverry
260 _aBuenos Aires:
_bAmorrurtu,
_c1979
300 _a[343] p.
500 _aLa Biblioteca cuenta con los volúmenes 4, 5, 7, 10, 12, 13, 15, 16, 17, 18, 20 y 21
505 _tLa interpretación de los sueños --
_tLa bibliografía científica sobre los problemas del sueño --
_tEl método de interpretación de los sueños. Análisis de un sueño paradigmático --
_tEl sueño es un cumplimiento del deseo --
_tLa desfiguración onírica --
_tEl material y las fuentes de sueño --
_tEl trabajo del sueño
650 1 4 _9141
_aPsicoanálisis
700 _93546
_aEtcheverry, José L.
_etr.
700 _91931
_aFreud, Anna
_eaut.
942 _2ddc
_cLI
_e22